00719 2200229 4500001002100000005001500021035002000036007000300056008004100059020002200100082001100122084001500133245009400148250001000242260010400252300003800356650002100394700002400415700001400439504002500453990001100478INLIS00000000001396320220801090421 a0010-0822000002ta220801 g 0 ind  a978-602-8766-73-9 a297.66 a297.66 DIN aDinamika Islam Filipina, Burma, dan Thailand /cChoirul Fuad Yusuf... [et,al.]; Huriyudin acet.1 aJakarta :bPuslitbang Lektur Khazanah Keagamaan Badan Litbang dan Diklat Kementrian Agama RI,c2013 axxxi, 398 hal. :bilus. ;c21 cm. 4aKEBUDAYAAN ISLAM0 aCHOIRUL, Fuad Yusuf0 aHURIYUDIN aTermasuk Bibliografi a4727 a